Library of the University of Algiers 3
Ibrahim Sultan Cheibout
شعار جامعة الجزائر 3
مكتبة جامعة الجزائر 3
إبراهيم سلطان شيبوط

دعوى بطلان العقود : (رقم التسجيلة. 45352)

تفاصيل مارك
000 -LEADER
fixed length control field 01224nam a2200229Ia 4500
003 - CONTROL NUMBER IDENTIFIER
control field Ost
005 - DATE AND TIME OF LATEST TRANSACTION
control field 20260507075639.0
008 - FIXED-LENGTH DATA ELEMENTS--GENERAL INFORMATION
fixed length control field 260507s9999||||xx |||||||||||||| ||und||
020 ## - INTERNATIONAL STANDARD BOOK NUMBER
International Standard Book Number 9770304247
040 ## - CATALOGING SOURCE
Transcribing agency fsecg
041 ## - LANGUAGE CODE
Language code of text/sound track or separate title ara
082 ## - DEWEY DECIMAL CLASSIFICATION NUMBER
Classification number 347.05
100 ## - MAIN ENTRY--PERSONAL NAME
Personal name المنجى، محمد
Relator term مؤلف
245 #0 - TITLE STATEMENT
Title دعوى بطلان العقود :
Remainder of title الإخلال بركن من أركان العقد ومراحل الدعوى من تحرير الصحيفة الى الطعن بالنقص /
Statement of responsibility, etc. محمد المنجى
260 ## - PUBLICATION, DISTRIBUTION, ETC.
Place of publication, distribution, etc. الإسكندرية:
Name of publisher, distributor, etc. منشأة المعارف,
Date of publication, distribution, etc. 1998
300 ## - PHYSICAL DESCRIPTION
Extent 699 صفحة؛
Dimensions 23 سم
520 ## - SUMMARY, ETC.
Summary, etc. اجراءات رفع الدعوى،المحكمة المختصة برفع الدعوى،الأساس القانوني للدعوى،أنواع وخصائص البطلان ،الإخلال بركن الرصوركن المحل-آثار العقد الباطل ،الإجازة ،تحويل العقد،انتقالص العقد،الحكم التمهبدي والإبتدائي والإستنافي في الدعوى ،مرحلة الطعن
653 ## - INDEX TERM--UNCONTROLLED
Uncontrolled term الدعوى القضائية
653 ## - INDEX TERM--UNCONTROLLED
Uncontrolled term العقود
653 ## - INDEX TERM--UNCONTROLLED
Uncontrolled term بطلان العقود
942 ## - ADDED ENTRY ELEMENTS (KOHA)
Koha item type كتب
المقتنيات
Withdrawn status Lost status Source of classification or shelving scheme Damaged status Not for loan Home library Current library Date acquired Serial enumeration / chronology Inventory number Total checkouts Full call number Barcode Date last seen Price effective from Koha item type
    Dewey Decimal Classification   NOT LOAN / إعارة داخلية مكتبة كلية العلوم الإقتصادية والعلوم التجارية وعلوم التسيير مكتبة كلية العلوم الإقتصادية والعلوم التجارية وعلوم التسيير 07/05/2026 الطابق الأرضي 826/1   أ/826ن1 826/1 07/05/2026 07/05/2026 كتب

موارد الويب المفتوحة


© University of Algiers 3 All Rights Reserved
|
Implemented by LECHELAH Riad